| 000 | 00896nam a2200253 a 4500 | ||
|---|---|---|---|
| 001 | 000022412 | ||
| 005 | 20240305073654.0 | ||
| 008 | 101008s1978 dr ac 001 0 spa d | ||
| 020 | _a8449921511 | ||
| 040 |
_aDO-SdBNP _bspa _cBNPHU |
||
| 082 |
_a972.91 _aR696M, 1978 |
||
| 100 | 1 |
_aRodríguez Demorizi, Emilio, _d1908-1986 _91039 |
|
| 245 | 1 | 0 |
_aMaceo en Santo Domingo / _cEmilio Rodríguez Demorizi. |
| 250 | _a2a ed. | ||
| 260 |
_aSanto Domingo : _bFundación Rodríguez Demorizi, _c1978. |
||
| 300 |
_a442 p. ; _c24 cm. |
||
| 490 | 1 |
_aFandación Rodríguez Demorizi _v8 |
|
| 500 | _aIncluye índice onomástico | ||
| 500 | _aIncluye referencias bibliográficas y notas al pie de las páginas | ||
| 600 | 1 | 4 |
_aMACEO, ANTONIO _d1845-1896 _95593 |
| 651 | 4 |
_aCuba _xHistoria _yGUERRA DE INDEPENDENCIA, 1895-1898 _911019 |
|
| 830 | 0 |
_aFandación Rodríguez Demorizi _v8 _946210 |
|
| 049 | _aBNPD | ||
| 999 |
_c21910 _d21910 |
||